| 000 | 00537nam a22001817a 4500 | ||
|---|---|---|---|
| 003 | NUST - PNEC | ||
| 005 | 20170116180959.0 | ||
| 008 | 150908b xxu||||| |||| 00| 0 eng d | ||
| 020 | _a0070464790 | ||
| 040 | _cLIBRARY | ||
| 082 | _a621.392 NAV | ||
| 100 |
_99033 _a Navabi, Zainalabedin |
||
| 245 |
_aVHDL : analysis and modeling of digital systems _cZainalabedin Navabi |
||
| 250 | _a2nd ed. | ||
| 260 | _cc.1998 | ||
| 650 |
_99037 _aDigital integrated circuits--Design and construction--Data processing _xMIS |
||
| 942 |
_2ddc _cBK |
||
| 999 |
_c66653 _d66653 |
||